| 000 | 00559nam a2200169 a 4500 | ||
|---|---|---|---|
| 008 | 120416s1983 ||||||||||||||||| || u | ||
| 050 | _aKD 167 Dal | ||
| 100 | _aDalton, Patrick J | ||
| 245 | 1 | 0 | _aLand law. (3rd ed.) |
| 250 | _a3rd ed. | ||
| 260 |
_aLondon: _bPitman _c1983 |
||
| 300 | _axiii, 377p. : ill. | ||
| 350 | _a0.00 | ||
| 650 | _aLAW | ||
| 650 | _aLAND REFORM--LAW AND LEGISLATION--GREAT BRITAIN | ||
| 995 |
_D0.00 _FCBU-MAIN LIBRARY (Kitwe) _H1 _I0.00 _M1 _UDAMAGED _ZMain Library Open Access Collection |
||
| 999 |
_c48782 _d48782 |
||